Raising rabbit; T2 Feeding rabbit, raising baby, rabbits further improvement
محفوظ في:
| المؤلف الرئيسي: | |
|---|---|
| التنسيق: | كتاب |
| اللغة: | Undetermined |
| منشور في: |
Rome
FAO
1988
|
| الموضوعات: | |
| الوسوم: |
إضافة وسم
لا توجد وسوم, كن أول من يضع وسما على هذه التسجيلة!
|
| Thư viện lưu trữ: | Trung tâm Học liệu Trường Đại học Cần Thơ |
|---|
| LEADER | 00572nam a2200217Ia 4500 | ||
|---|---|---|---|
| 001 | CTU_14299 | ||
| 008 | 210402s9999 xx 000 0 und d | ||
| 082 | |a 636.9322 | ||
| 082 | |b R161/T2 | ||
| 100 | |a FAO | ||
| 245 | 0 | |a Raising rabbit; T2 | |
| 245 | 0 | |b Feeding rabbit, raising baby, rabbits further improvement | |
| 245 | 0 | |c FAO | |
| 260 | |a Rome | ||
| 260 | |b FAO | ||
| 260 | |c 1988 | ||
| 526 | |a Công nghệ chăn nuôi thỏ | ||
| 526 | |b NNN628 | ||
| 650 | |a rabbits | ||
| 904 | |i Minh, 961231 | ||
| 980 | |a Trung tâm Học liệu Trường Đại học Cần Thơ | ||